000 01409cam a2200313 i 4500
001 21269301
003 AUA.1
005 20251121112108.0
008 191025s2020 miu b 001 0 eng
010 _a 2019048618
020 _a9781540960351
_q(paperback)
020 _a9781540962720
_q(casebound)
035 _a21269301
040 _aDLC
_beng
_cDLC
_erda
_dDLC
042 _apcc
050 0 0 _aBR1640
_b.M398 2020
082 0 0 _a230/.04624
_223
100 1 _aMcFarlane, Graham,
_d1959-
_eauthor.
245 1 2 _aA model for evangelical theology :
_bintegrating scripture, tradition, reason, experience, and community /
_cGraham McFarlane.
260 _aGrand Rapids, MI :
_bBaker Academic;
_cc2020.
300 _axiii, 305 pages ;
_c24 cm
504 _aIncludes bibliographical references (pages 277-296) and index.
520 _a"This introduction to evangelical theology explains how connecting to five streams of Christian theology-Scripture, tradition, reason, experience, and community-leads to a richer and deeper understanding of the faith"--
650 0 _aEvangelicalism.
650 0 _aTheology.
906 _a7
_bcbc
_corignew
_d1
_eecip
_f20
_gy-gencatlg
942 _2lcc
_cBOOK
_hBR 1640
_i.M398 2020
999 _c25288
_d25288